书目信息 |
| 题名: |
流行性出血热问题205解
|
|
| 作者: | 赵恩嘉 著 | |
| 分册: | ||
| 出版信息: | 上海 学林出版社 1985 |
|
| 页数: | 178页 | |
| 开本: | 19cm | |
| 丛书名: | ||
| 单 册: | ||
| 中图分类: | R512.8 | |
| 科图分类: | ||
| 主题词: | 流行性出血热--诊疗 | |
| 电子资源: | ||
| ISBN: | ||
| 000 | 00646nam0 2200241 45 | |
| 001 | 0185007103 | |
| 005 | 20040524111718.7 | |
| 010 | @dCNY0.98 | |
| 091 | @a14259.021 | |
| 100 | @a19900903d1985 em y0chiy0121 ea | |
| 101 | 0 | @achi |
| 102 | @aCN@b310000 | |
| 105 | @ay z 000yy | |
| 106 | @ar | |
| 200 | 10 | @a流行性出血热问题205解@Aliu xing xing chu xue re wen ti 205 jie@f赵恩嘉著 |
| 210 | @a上海@c学林出版社@d1985 | |
| 215 | @a178页@d19cm | |
| 606 | @a流行性出血热@x诊疗 | |
| 690 | @aR512.8@v3 | |
| 701 | 0 | @a赵恩嘉@Azhao en jia@4著 |
| 801 | 0 | @aCN@b深圳图书馆@c20040524 |
| 801 | 2 | @aCN@bNLC@c20040524 |
| 905 | @f1@b136156@dR512.8@e28 | |
| 流行性出血热问题205解/赵恩嘉著.-上海:学林出版社,1985 |
| 178页;19cm |
| ISBN :CNY0.98 |
| ● |
| 相关链接 |
|
|
|
|
正题名:流行性出血热问题205解
索取号:R512.8/28
 
预约/预借
| 序号 | 登录号 | 条形码 | 馆藏地/架位号 | 状态 | 备注 |
| 1 | 0133156 | 000714310 | 第三借阅区/ [索取号:R512.8/28] | 在馆 | |
| 2 | 0133157 | 000714258 | 第二样本阅览室/ [索取号:R512.8/28] | 在馆 | |
| 3 | 0136156 | 000714310 | 第三借阅区/ [索取号:R512.8/28] | 在馆 |